00363nam a2200133Ia 4500008004100000020001500041041000800056082001900064100002400083245005300107260004500160300001200205650001200217210716s2009 xx 000 0 und d a0195699955 aeng a332.67254 RAJR aRajan, Ramkishen S. aMonetary, Investment, and trade issues in India. aNew DelhibOxford University Pressc2009 axvi,239 aFinance